Central Library OPAC University of Rajshahi

Triassic-Jurassic rift-basin sedimentology : (Record no. 67352)

MARC details
000 -LEADER
fixed length control field 00884nam a2200265 a 4500
001 - CONTROL NUMBER
control field 67352
003 - CONTROL NUMBER IDENTIFIER
rucl marc code BD-RjUL
005 - DATE AND TIME OF LATEST TRANSACTION
control field 20211209081636.0
008 - FIXED-LENGTH DATA ELEMENTS--GENERAL INFORMATION
fixed length control field 870226s19881987nyuab b 001 0 eng
020 ## - INTERNATIONAL STANDARD BOOK NUMBER
International Standard Book Number 0442260415 :
Terms of availability $38.95
035 ## - SYSTEM CONTROL NUMBER
System control number (BD-RjUL)67483
040 ## - CATALOGING SOURCE
Original cataloging agency DLC
Transcribing agency DLC
Modifying agency DLC
-- BD-RjUL
Language of cataloging eng
041 ## - LANGUAGE CODE
Language code of text/sound track or separate title eng
082 00 - DEWEY DECIMAL CLASSIFICATION NUMBER
Edition number 23
Classification number 551.762097462
Author mark and year LOT 1988
100 1# - MAIN ENTRY--PERSONAL NAME
Personal name Lorenz, J.
Fuller form of name (John)
9 (RLIN) 199553
245 10 - TITLE STATEMENT
Title Triassic-Jurassic rift-basin sedimentology :
Remainder of title history and methods /
Statement of responsibility, etc. John C. Lorenz.
260 ## - PUBLICATION, DISTRIBUTION, ETC. (IMPRINT)
Place of publication, distribution, etc. New York :
Name of publisher, distributor, etc. Van Nostrand Reinhold,
Date of publication, distribution, etc. 1987 [reprint 1988]
300 ## - PHYSICAL DESCRIPTION
Pagination xvii, 315 p. :
Illustrations ill. ;
Size 24 cm.
504 ## - BIBLIOGRAPHY, ETC. NOTE
Bibliography, etc Includes Bibliography and index
650 #0 - SUBJECT ADDED ENTRY--TOPICAL TERM
Topical term or geographic name as entry element Sedimentary rocks.
9 (RLIN) 199554
Topical term or geographic name as entry element Rifts (Geology)
9 (RLIN) 199555
Topical term or geographic name as entry element Geology, Stratigraphic
Chronological subdivision Triassic.
9 (RLIN) 199556
Topical term or geographic name as entry element Geology, Stratigraphic
Chronological subdivision Jurassic.
9 (RLIN) 34673
942 ## - ADDED ENTRY ELEMENTS (KOHA)
Source of classification or shelving scheme Dewey Decimal Classification
Koha item type Books
Holdings
Lost status Source of classification or shelving scheme Damaged status Not for loan Collection code Permanent Location Current Location Shelving location Date acquired Source of acquisition Cost, normal purchase price Total Checkouts Full call number Date last seen Copy number Koha item type
  Dewey Decimal Classification   Not For Loan Non-fiction Central Library, University of Rajshahi Central Library, University of Rajshahi Reading Room 24/07/2007 Paragon enterprise, Dhaka 38.95   551.762097462 LOT 1988 23/03/2017 C-1 Books